<?xml version="1.0" encoding="UTF-8"?><OAI-PMH xmlns="http://www.openarchives.org/OAI/2.0/" xmlns:xsi="http://www.w3.org/2001/XMLSchema-instance"     xsi:schemaLocation="http://www.openarchives.org/OAI/2.0/ http://www.openarchives.org/OAI/2.0/OAI-PMH.xsd"><responseDate>2026-05-14T12:42:08Z</responseDate><request verb="GetRecord" identifier="oai:regmurcia.com:fintegr.1238" metadataPrefix="marc21">http://oai.regmurcia.com/oai2/oai2.php</request><GetRecord><record><header><identifier>oai:regmurcia.com:fintegr.1238</identifier><datestamp>2026-05-14</datestamp><setSpec>documentos</setSpec></header><metadata><record  xmlns="http://www.loc.gov/MARC21/slim" xmlns:xsi="http://www.w3.org/2001/XMLSchema-instance" xsi:schemaLocation="http://www.loc.gov/MARC21/slim http://www.loc.gov/standards/marcxml/schema/MARC21slim.xsd" type="Bibliographic"><leader>00000nam a2200000   4500</leader><controlfield tag="001" >005069271</controlfield><controlfield tag="003" >1238</controlfield><controlfield tag="004" >A00000000</controlfield><datafield tag="245" ind1=" " ind2=" "><subfield code="a">Carta del corregidor Pedro Gómez de Setubal al alcalde de Lorca, ordenando que se investige sobre los soldados tal y como mandan los Reyes en el traslado de la cédula adjunta.</subfield></datafield><datafield tag="300" ind1=" " ind2=" "><subfield code="c">305 x 222 mm.</subfield></datafield><datafield tag="300" ind1=" " ind2=" "><subfield code="a">2 fol.</subfield></datafield><datafield tag="351" ind1=" " ind2=" "><subfield code="a">Unidad Documental Compuesta</subfield><subfield code="c">Archivo de Lorca. Array</subfield><subfield code="a">Unidad Documental Compuesta</subfield><subfield code="c">Archivo de Lorca. Array</subfield></datafield><datafield tag="505" ind1=" " ind2=" "><subfield code="a">/medieval_lorca/medieval_lorca_271.pdf</subfield></datafield><datafield tag="506" ind1=" " ind2=" "><subfield code="a">Acceso restringido</subfield></datafield><datafield tag="510" ind1=" " ind2=" "><subfield code="a">Pub. GARCÍA DÍAZ, I. : ``Documentáción medieval del Archivo Municipal de Lorca (1257-1504). Estudio y edición``. Editum, Ayto de Lorca y Academia Alfonso X el Sabio; Murcia, 2007; p.309</subfield></datafield><datafield tag="520" ind1=" " ind2=" "><subfield code="a">El corregidor ordena al alcalde de Lorca que investige el número de soldados que se podrían reunir y si los que son pagados por los reyes mantienen caballo y armas en el número declarado. Manda que la pesquisa esté hecha para cuando él vaya a Lorca.
Incluye la cédula de los Reyes Católicos (1494-03-21. Medina del Campo) por la que mandan al corregidor que averigüe el número y tipo de soldados que se podrían reunir para su servicio, y si los que ellos pagan mantienen caballos y armas en el número que dicen. Una vez hecha la pesquisa que les envién un informe completo.</subfield></datafield><datafield tag="583" ind1=" " ind2=" "><subfield code="u">http://www.regmurcia.com/servlet/s.Sl?METHOD=VERDOCUMENTO&amp;sit=serv,Carmesi&amp;n=/10/2780/indice.djvu</subfield></datafield><datafield tag="592" ind1=" " ind2=" "><subfield code="a">1494 (probable)</subfield></datafield><datafield tag="592" ind1=" " ind2=" "><subfield code="d">1494-12-31 00:00:00</subfield></datafield><datafield tag="786" ind1=" " ind2=" "><subfield code="o">http://www.regmurcia.com/servlet/s.Sl?METHOD=VERDOCUMENTO&amp;sit=serv,Carmesi&amp;n=/10/2780/indice.djvu</subfield></datafield><datafield tag="856" ind1=" " ind2=" "><subfield code="u">http://www.regmurcia.com/servlet/s.Sl?METHOD=DETALLE&amp;sit=c,373,m,139,serv,Carmesi&amp;id=1238</subfield></datafield></record></metadata></record></GetRecord></OAI-PMH>
